The house on the rock. (Record no. 14592)

000 -LEADER
fixed length control field 00607nam a2200205 a 4500
001 - CONTROL NUMBER
control field :::00012424$&:&@@
003 - CONTROL NUMBER IDENTIFIER
control field OkBaRHE
005 - DATE AND TIME OF LATEST TRANSACTION
control field 20000607103419.0
008 - FIXED-LENGTH DATA ELEMENTS--GENERAL INFORMATION
fixed length control field s1987 j 000 0 eng u
040 ## - CATALOGING SOURCE
Transcribing agency
100 1# - MAIN ENTRY--PERSONAL NAME
Personal name Sell, Charles.
245 14 - TITLE STATEMENT
Title The house on the rock.
260 ## - PUBLICATION, DISTRIBUTION, ETC. (IMPRINT)
Place of publication, distribution, etc Wheaton, IL., :
Name of publisher, distributor, etc Victor Books
Date of publication, distribution, etc c1987
300 ## - PHYSICAL DESCRIPTION
Extent 168 p. ;
Dimensions 21 cm.
650 ## - SUBJECT ADDED ENTRY--TOPICAL TERM
Topical term or geographic name as entry element Child Rearing
General subdivision United States
650 ## - SUBJECT ADDED ENTRY--TOPICAL TERM
Topical term or geographic name as entry element Conduct of Life
650 ## - SUBJECT ADDED ENTRY--TOPICAL TERM
Topical term or geographic name as entry element Family
General subdivision Religious Life
942 ## - ADDED ENTRY ELEMENTS (KOHA)
Source of classification or shelving scheme
Koha item type Books
Copies
Withdrawn status Not for loan Permanent Location Damaged status Date last seen Price effective from Source of classification or shelving scheme Barcode Copy number Lost status Full call number Date acquired Shelving location Koha item type
  RHEMA Bible Training College 2010-04-142010-04-14 124241 HQ 728 .S4372010-04-14General StacksBooks